|
|
|
|
| LEADER |
00000nab a2200000 a 4500 |
| 001 |
vtls009008011 |
| 003 |
SK-MaSNL |
| 005 |
20260303065505.0 |
| 008 |
140301c20070109xo dr|p|||||||000 b|slo |
| 015 |
|
|
|a SNBRB2007/07
|2 snkbucl
|
| 038 |
|
|
|a SNKBUCL
|
| 040 |
|
|
|a SNKBUCL
|b slo
|c SNKBUCL
|e AACR2
|
| 041 |
0 |
|
|a slo
|
| 044 |
|
|
|a xo
|c SK
|
| 080 |
|
|
|a 343.51:336.74
|x (73)
|2 2001
|
| 080 |
|
|
|a 336.74
|x (73)
|2 2001
|
| 245 |
0 |
0 |
|a Tajomstvo falošných stodolároviek
|b celý svet márne hľadá pôvodcu superbankoviek, ktorých kvalita je takmer na nerozoznanie od originálu
|c [autor] sz
|
| 650 |
0 |
7 |
|a mena USA
|2 snkbucl
|9 27884
|
| 650 |
0 |
7 |
|a bankovky
|2 snkbucl
|9 2331
|
| 650 |
0 |
7 |
|a falšovanie
|2 snkbucl
|9 15083
|
| 773 |
0 |
|
|t Hospodárske noviny
|g Roč. XV., č. 6 (9.1.2007)
|x 1335-4701
|
| 773 |
0 |
8 |
|t Podniky & trhy
|g Č. 6 (9.1.2007), s. 16
|
| 852 |
|
|
|a SNK
|b KIS3GCP
|
| 958 |
|
|
|a US
|
| 999 |
|
|
|c 1751393
|d 1753323
|